[Event "Turkey Cup 2020"]
[Site "Antalya-Belek"]
[Date "2020.01.27"]
[Round "2.16"]
[White "Dolgun, Can"]
[Black "Erdogmus, Yagiz Kaan"]
[Result "1-0"]
[WhiteElo "2266"]
[BlackElo "1866"]
[Annotator "TA"]
[PlyCount "135"]
[EventDate "2020.01.26"]
[EventType "swiss"]
[EventCountry "TUR"]
[SourceTitle "playchess.com"]
[Source "ChessBase"]
[SourceQuality "1"]

1. e4 c5 2. Nf3 e6 3. d4 cxd4 4. Nxd4 Nf6 5. Nc3 Nc6 6. Nxc6 bxc6 7. e5 Nd5 8. Ne4 Qc7 9. f4 Qa5+ 10. Bd2 Qb6 11. Bd3 Be7 12. Qe2 f5 13. exf6 Nxf6 14. Bc3 O-O 15. Nxf6+ Bxf6 16. Qe4 Bxc3+ 17. bxc3 Rf5 18. Qf3 Rf7 19. Qe4 g6 20. h4 Qb8 21. g3 d5 22. Qe5 Qxe5+ 23. fxe5 c5 24. Rf1 Rxf1+ 25. Bxf1 Rb8 26. Kd2 Bd7 27. Bh3 a5 28. Rf1 Rf8 29. Rxf8+ Kxf8 30. c4 d4 31. Bg2 Kg7 32. Be4 h6 33. c3 dxc3+ 34. Kxc3 g5 35. hxg5 hxg5 36. Kb3 Kf8 37. Bb7 Ke7 38. Ba6 Kd8 39. Bb5 Bxb5 40. cxb5 Kc7 41. Kc4 Kb6 42. a4 g4 43. Kd3 Kc7 44. Ke4 Kb6 45. Ke3 c4 46. Kd4 c3 47. Kxc3 Kc5 48. Kd3 Kd5 49. Ke2 Kxe5 50. Ke3 Kd5 51. Kf4 e5+ 52. Kxg4 e4 53. b6 Kc6 54. Kf4 Kxb6 55. Kxe4 Kc5 56. g4 Kb4 57. g5 Kxa4 58. g6 Kb3 59. g7 a4 60. g8=Q+ Kb2 61. Qb8+ Kc3 62. Qc7+ Kb3 63. Qb6+ Kc3 64. Qc5+ Kb3 65. Qb5+ Ka3 66. Kd3 Ka2 67. Kc2 a3 68. Qb1# 1-0

[Event "Turkey Cup 2020"]
[Site "Antalya-Belek"]
[Date "2020.01.27"]
[Round "2.17"]
[White "Bayik, Hasan"]
[Black "Yilmaz, Goktan"]
[Result "0-1"]
[WhiteElo "1822"]
[BlackElo "2265"]
[Annotator "TA"]
[PlyCount "62"]
[EventDate "2020.01.26"]
[EventType "swiss"]
[EventCountry "TUR"]
[SourceTitle "playchess.com"]
[Source "ChessBase"]
[SourceQuality "1"]

1. d4 d5 2. c4 e6 3. Nc3 Nf6 4. cxd5 exd5 5. Bg5 Bb4 6. e3 Nbd7 7. a3 Bxc3+ 8. bxc3 c5 9. Bd3 Qa5 10. Ne2 c4 11. Bc2 Ne4 12. Bh4 g5 13. f3 Nxc3 14. Qd2 gxh4 15. Nxc3 Nf6 16. O-O Bd7 17. Rfb1 O-O-O 18. Rb4 Qc7 19. Rab1 b6 20. a4 Rhg8 21. Kh1 Rg7 22. Qe2 Rdg8 23. Nxd5 Nxd5 24. Rxc4 Bc6 25. Bf5+ Kb8 26. Bh3 Qb7 27. Qf2 Bd7 28. Qxh4 Bxh3 29. gxh3 f5 30. e4 fxe4 31. fxe4 Qf7 0-1

[Event "Turkey Cup 2020"]
[Site "Antalya-Belek"]
[Date "2020.01.27"]
[Round "2.18"]
[White "Citak, Selim"]
[Black "Selvi, Kaan"]
[Result "1/2-1/2"]
[WhiteElo "2198"]
[BlackElo "1907"]
[Annotator "TA"]
[PlyCount "176"]
[EventDate "2020.01.26"]
[EventType "swiss"]
[EventCountry "TUR"]
[SourceTitle "playchess.com"]
[Source "ChessBase"]
[SourceQuality "1"]

1. e4 d5 2. exd5 Qxd5 3. Nc3 Qd6 4. d4 Nf6 5. Nf3 c6 6. g3 Bg4 7. Bg2 e6 8. O-O Be7 9. Bf4 Qd8 10. h3 Bxf3 11. Bxf3 Nbd7 12. Ne4 Nxe4 13. Bxe4 Nf6 14. Bf3 O-O 15. c4 Qb6 16. Qb3 Qxb3 17. axb3 Rfd8 18. Rfd1 Rd7 19. g4 h6 20. Kg2 a6 21. Rd3 Bc5 22. Rad1 Rad8 23. Be5 Ne8 24. d5 cxd5 25. cxd5 f6 26. Bg3 e5 27. Be4 Nd6 28. Bg6 Bd4 29. R1d2 Nf7 30. Be4 Nd6 31. Bg6 Nf7 32. Be4 Nd6 33. f3 Kf7 34. h4 g6 35. Rxd4 exd4 36. Rxd4 Rc8 37. Bd3 b5 38. h5 gxh5 39. gxh5 f5 40. Bxd6 Rxd6 41. Bxf5 Rg8+ 42. Bg6+ Kf6 43. f4 a5 44. Kf3 Rc8 45. Rd1 a4 46. Be4 axb3 47. Rd3 Rc1 48. Rxb3 Rb6 49. Ra3 Rh1 50. Ra7 Rxh5 51. Kg3 Rd6 52. Rb7 Rhxd5 53. Bxd5 Rxd5 54. Kf3 h5 55. Ke4 Rc5 56. b3 h4 57. Rh7 Rc3 58. Rxh4 Rxb3 59. Rh6+ Kg7 60. Rb6 Rb1 61. Kf5 b4 62. Rb7+ Kg8 63. Kf6 b3 64. f5 b2 65. Rb3 Ra1 66. Rb8+ Kh7 67. Rxb2 Ra6+ 68. Kg5 Kg7 69. Rb7+ Kf8 70. Rd7 Rb6 71. Rh7 Kg8 72. Re7 Kf8 73. Re4 Kf7 74. Rh4 Kg7 75. Re4 Kf7 76. Rd4 Ra6 77. Rd7+ Kf8 78. Rb7 Rc6 79. Rb8+ Kg7 80. Re8 Kf7 81. Re2 Ra6 82. Rg2 Rb6 83. Kh5 Rb5 84. Kg5 Rb6 85. Re2 Ra6 86. Rd2 Rb6 87. Rd7+ Kf8 88. f6 Rb1 1/2-1/2

[Event "Turkey Cup 2020"]
[Site "Antalya-Belek"]
[Date "2020.01.27"]
[Round "2.19"]
[White "Celik, Eylul"]
[Black "Samani, Yamac"]
[Result "0-1"]
[WhiteElo "1865"]
[BlackElo "2259"]
[Annotator "TA"]
[PlyCount "64"]
[EventDate "2020.01.26"]
[EventType "swiss"]
[EventCountry "TUR"]
[SourceTitle "playchess.com"]
[Source "ChessBase"]
[SourceQuality "1"]

1. d4 Nf6 2. c4 e6 3. Bg5 c5 4. d5 exd5 5. cxd5 h6 6. Bf4 g5 7. Bg3 Bg7 8. Nc3 d6 9. Qa4+ Bd7 10. Qb3 Qc7 11. Nf3 O-O 12. e3 Nh5 13. Be2 Nxg3 14. hxg3 f5 15. Nd2 a6 16. a4 Be8 17. Nc4 Nd7 18. g4 Bg6 19. Bd3 Rae8 20. O-O Ne5 21. Nxe5 Rxe5 22. a5 c4 23. Qxc4 Qxc4 24. Bxc4 fxg4 25. Ne2 Re7 26. Nd4 g3 27. Ra3 gxf2+ 28. Rxf2 Rc8 29. Be2 Rxe3 30. Rxe3 Bxd4 31. Ref3 Rc2 32. Rf8+ Kg7 0-1

[Event "Turkey Cup 2020"]
[Site "Antalya-Belek"]
[Date "2020.01.27"]
[Round "2.20"]
[White "Unat, Can Haktan"]
[Black "Temizer, Umut"]
[Result "1-0"]
[WhiteElo "2257"]
[BlackElo "1927"]
[Annotator "TA"]
[PlyCount "65"]
[EventDate "2020.01.26"]
[EventType "swiss"]
[EventCountry "TUR"]
[SourceTitle "playchess.com"]
[Source "ChessBase"]
[SourceQuality "1"]

1. e4 c5 2. Nf3 g6 3. d4 cxd4 4. Nxd4 Nc6 5. c4 Nf6 6. Nc3 Nxd4 7. Qxd4 d6 8. Be3 Bg7 9. f3 O-O 10. Qd2 Be6 11. Rc1 Qa5 12. b3 Rfc8 13. Be2 a6 14. Na4 Qxd2+ 15. Kxd2 Nd7 16. g4 f5 17. gxf5 gxf5 18. Rhg1 Kh8 19. Nc3 b5 20. exf5 Bf7 21. Rxg7 Kxg7 22. Rg1+ Kf8 23. cxb5 d5 24. bxa6 Nc5 25. Bh6+ Ke8 26. Bb5+ Nd7 27. Rg7 Ra7 28. Rxh7 Bg8 29. Rg7 Kf8 30. Rg3+ Kf7 31. Nxd5 Rxa6 32. Rg7+ Kf8 33. Rg6+ 1-0

[Event "Turkey Cup 2020"]
[Site "Antalya-Belek"]
[Date "2020.01.27"]
[Round "2.21"]
[White "Eren, Alper"]
[Black "Aydincelebi, Kagan"]
[Result "0-1"]
[WhiteElo "1846"]
[BlackElo "2249"]
[Annotator "TA"]
[PlyCount "90"]
[EventDate "2020.01.26"]
[EventType "swiss"]
[EventCountry "TUR"]
[SourceTitle "playchess.com"]
[Source "ChessBase"]
[SourceQuality "1"]

1. e4 c5 2. Nc3 Nc6 3. g3 g6 4. Bg2 Bg7 5. d3 d6 6. Nge2 e5 7. O-O h5 8. h3 Be6 9. Nd5 Qd7 10. Kh2 Nge7 11. Bg5 Bxd5 12. exd5 Nd4 13. c3 Nxe2 14. Qxe2 O-O 15. Rae1 Rae8 16. h4 Qa4 17. b3 Qa5 18. c4 f6 19. Be3 Kh7 20. Bh3 f5 21. Qd2 Qxd2 22. Bxd2 Bh6 23. Bc3 Nc8 24. b4 Nb6 25. bxc5 Na4 26. Bb4 dxc5 27. Ba3 Bd2 28. Re2 Bc3 29. Bc1 Nb6 30. Be3 Nd7 31. Bg5 Kg7 32. Rc1 Ba5 33. Rb1 b6 34. Rbb2 Bc3 35. Rbc2 Bd4 36. Bg2 Nf6 37. Bxf6+ Kxf6 38. f4 Re7 39. Bf3 Rfe8 40. Kg2 e4 41. dxe4 fxe4 42. Bxh5 gxh5 43. a4 Kf5 44. Kh3 e3 45. Rg2 e2 0-1

[Event "Turkey Cup 2020"]
[Site "Antalya-Belek"]
[Date "2020.01.27"]
[Round "2.22"]
[White "Ozkale, Can Barkin"]
[Black "Karaoglan, Doruk"]
[Result "0-1"]
[WhiteElo "1796"]
[BlackElo "2222"]
[Annotator "TA"]
[PlyCount "96"]
[EventDate "2020.01.26"]
[EventType "swiss"]
[EventCountry "TUR"]
[SourceTitle "playchess.com"]
[Source "ChessBase"]
[SourceQuality "1"]

1. d4 Nf6 2. Nf3 g6 3. c4 Bg7 4. g3 O-O 5. Bg2 d6 6. O-O Nc6 7. Nc3 a6 8. Re1 Rb8 9. Rb1 Bf5 10. e4 Bg4 11. h3 Bxf3 12. Bxf3 e5 13. d5 Nd4 14. Bg2 c5 15. dxc6 bxc6 16. Be3 Nd7 17. Qd2 a5 18. Ne2 c5 19. Nc3 Nb6 20. b3 Qd7 21. Bxd4 cxd4 22. Nb5 Ra8 23. Kh2 Nc8 24. Bf1 Ne7 25. Rec1 f5 26. Bd3 Rac8 27. a4 Rc5 28. f3 Nc6 29. Rf1 Nb4 30. g4 fxg4 31. fxg4 Rcc8 32. Rxf8+ Rxf8 33. Rf1 Re8 34. Bb1 Qd8 35. g5 Na6 36. h4 Nc5 37. b4 axb4 38. Qxb4 h6 39. Qd2 Ne6 40. c5 Nxc5 41. Kg3 Rf8 42. Rxf8+ Qxf8 43. a5 Qf1 44. Qa2+ Kh7 45. Nxd6 d3 46. gxh6 Qe1+ 47. Qf2 d2 48. Bc2 Nd3 0-1

[Event "Turkey Cup 2020"]
[Site "Antalya-Belek"]
[Date "2020.01.27"]
[Round "2.23"]
[White "Oney, Adil Feridun"]
[Black "Caberoglu, Arda"]
[Result "1/2-1/2"]
[WhiteElo "2041"]
[BlackElo "1893"]
[Annotator "NA"]
[PlyCount "31"]
[EventDate "2020.01.26"]
[EventType "swiss"]
[EventCountry "TUR"]
[SourceTitle "playchess.com"]
[Source "ChessBase"]
[SourceQuality "1"]

1. d4 d5 2. Nf3 Nf6 3. c4 e6 4. cxd5 exd5 5. Nc3 Bb4 6. Qa4+ Nc6 7. a3 Bxc3+ 8. bxc3 Ne4 9. c4 dxc4 10. Qxc4 O-O 11. e3 Nd6 12. Qc5 Bf5 13. Bb2 Ne7 14. Be2 c6 15. O-O Nd5 16. Nd2 1/2-1/2

[Event "Turkey Cup 2020"]
[Site "Antalya-Belek"]
[Date "2020.01.27"]
[Round "2.24"]
[White "Gonullu, Muhammed Sinan"]
[Black "Ozsoy, Alimert"]
[Result "1/2-1/2"]
[WhiteElo "1787"]
[BlackElo "2211"]
[Annotator "TA"]
[PlyCount "158"]
[EventDate "2020.01.26"]
[EventType "swiss"]
[EventCountry "TUR"]
[SourceTitle "playchess.com"]
[Source "ChessBase"]
[SourceQuality "1"]

1. d4 d5 2. Nf3 Nf6 3. Bg5 Ne4 4. Bf4 c5 5. c3 Nc6 6. e3 g6 7. Nbd2 Nxd2 8. Qxd2 Bg7 9. Be2 O-O 10. O-O cxd4 11. cxd4 f6 12. Rfc1 e5 13. dxe5 fxe5 14. Bg3 a6 15. Rd1 Be6 16. Rac1 Bf6 17. b4 e4 18. Ne1 Be7 19. b5 axb5 20. Bxb5 Bb4 21. Qc2 Qf6 22. a4 Ne5 23. h3 Bd6 24. Qe2 h5 25. Nc2 h4 26. Bh2 Bxh3 27. Rxd5 Qg5 28. Ne1 Rf6 29. Rxd6 Nf3+ 30. Qxf3 Rxf3 31. Kf1 Qxe3 32. Rc2 Raf8 33. Rdd2 R3f5 34. Re2 Qa3 35. Rxe4 g5 36. Kg1 Bxg2 37. Nxg2 Qf3 38. Rce2 Rc5 39. Ne1 Rc1 40. Bc4+ Kg7 41. Bd5 Rxe1+ 42. Rxe1 Qxf2+ 43. Kh1 Qf3+ 44. Kg1 Qf2+ 45. Kh1 h3 46. R4e2 Qc5 47. Re5 Kh6 48. Bxb7 Qb4 49. Re6+ Kh5 50. Ba6 Rf2 51. Bg3 Qg4 52. R6e3 Kh6 53. Be2 Qf5 54. Bxf2 Qxf2 55. Bf1 g4 56. Bxh3 gxh3 57. Rxh3+ Kg5 58. Rg1+ Kf5 59. Rhg3 Qb2 60. Rg5+ Kf4 61. Rg7 Qa3 62. Kh2 Qb2+ 63. R1g2 Qa1 64. Rf2+ Ke3 65. Rfg2 Qe5+ 66. R7g3+ Kd4 67. Rf2 Qh5+ 68. Kg1 Qd1+ 69. Kg2 Kc4 70. Rf4+ Kd5 71. Rg5+ Ke6 72. Rg3 Qc2+ 73. Kf3 Qd3+ 74. Kg2 Qc2+ 75. Kh3 Qh7+ 76. Rh4 Qf5+ 77. Rhg4 Qh7+ 78. Kg2 Qc2+ 79. Kh1 Qh7+ 1/2-1/2

[Event "Turkey Cup 2020"]
[Site "Antalya-Belek"]
[Date "2020.01.27"]
[Round "2.25"]
[White "Demirci, Fatih"]
[Black "Altun, Arda"]
[Result "1/2-1/2"]
[WhiteElo "1749"]
[BlackElo "2200"]
[Annotator "TA"]
[PlyCount "120"]
[EventDate "2020.01.26"]
[EventType "swiss"]
[EventCountry "TUR"]
[SourceTitle "playchess.com"]
[Source "ChessBase"]
[SourceQuality "1"]

1. e4 c6 2. Bc4 d5 3. Bb3 dxe4 4. Qh5 g6 5. Qh4 Nf6 6. Nc3 Bg7 7. Nge2 Nbd7 8. Ng3 Nc5 9. Ngxe4 Nxb3 10. axb3 Nxe4 11. Nxe4 Qd4 12. Ra4 Qd5 13. O-O b5 14. Ra1 Bf5 15. d3 Bxe4 16. dxe4 Qc5 17. c3 O-O 18. Be3 Qe5 19. b4 h5 20. Rfd1 Rfd8 21. f3 Qe6 22. Qf2 Qb3 23. Qe2 h4 24. Rd2 h3 25. Qd1 Qxd1+ 26. Raxd1 Rxd2 27. Rxd2 hxg2 28. Kxg2 a5 29. bxa5 Rxa5 30. Bc5 Ra2 31. Kh3 Kh7 32. Rg2 e6 33. Bb4 Bh6 34. Rc2 Be3 35. Re2 Bf4 36. Kg4 e5 37. Ba3 Ra1 38. Bc5 Rb1 39. Kh3 Kh6 40. Kg2 Kh5 41. Bd6 Rd1 42. Bb4 Rd3 43. Be7 Be3 44. Bf8 Kg5 45. Be7+ f6 46. h4+ Kh5 47. Bxf6 Bf4 48. Be7 Rd7 49. Bf6 c5 50. Rc2 b4 51. cxb4 cxb4 52. Rc8 g5 53. hxg5 Rd2+ 54. Kf1 Rxb2 55. Rh8+ Kg6 56. Rg8+ Kh5 57. Rh8+ Kg6 58. Rg8+ Kh5 59. Rh8+ Kg6 60. Rg8+ Kh5 1/2-1/2

[Event "Turkey Cup 2020"]
[Site "Antalya-Belek"]
[Date "2020.01.27"]
[Round "2.26"]
[White "Agdelen, Huseyin Can"]
[Black "Onem, Cem"]
[Result "1-0"]
[WhiteElo "2199"]
[BlackElo "1805"]
[Annotator "TA"]
[PlyCount "101"]
[EventDate "2020.01.26"]
[EventType "swiss"]
[EventCountry "TUR"]
[SourceTitle "playchess.com"]
[Source "ChessBase"]
[SourceQuality "1"]

1. e4 e5 2. Nf3 Nc6 3. Bb5 a6 4. Ba4 Nf6 5. O-O Be7 6. Re1 b5 7. Bb3 d6 8. c3 Na5 9. Bc2 c5 10. h3 O-O 11. d4 Qc7 12. d5 Nc4 13. b3 Nb6 14. a4 bxa4 15. bxa4 Re8 16. Nfd2 a5 17. c4 Ba6 18. Na3 Nfd7 19. Bb2 Nb8 20. Bc3 N6d7 21. Nb3 Bc8 22. Nb5 Qb6 23. Qd2 Bd8 24. Reb1 Qa6 25. Ra2 Rf8 26. Bd3 Nf6 27. f4 Nbd7 28. g4 Re8 29. f5 h6 30. Qe1 Nf8 31. Rg2 N8h7 32. h4 Nd7 33. Kh1 Ndf8 34. Nd2 f6 35. Nf3 Nd7 36. Bd2 Rf8 37. g5 hxg5 38. hxg5 fxg5 39. Nxg5 Nxg5 40. Bxg5 Nf6 41. Qh4 Rb8 42. Rbg1 Rb7 43. Be2 Qb6 44. Rh2 Rd7 45. Qh8+ Kf7 46. Bh5+ Nxh5 47. Qxh5+ Kg8 48. Qh7+ Kf7 49. Bxd8 Qxd8 50. Rxg7+ Ke8 51. Nxd6+ 1-0

[Event "Turkey Cup 2020"]
[Site "Antalya-Belek"]
[Date "2020.01.27"]
[Round "2.27"]
[White "Gundogan, Sinem Cagla"]
[Black "Gunduz, Umut Erdem"]
[Result "1/2-1/2"]
[WhiteElo "1808"]
[BlackElo "2193"]
[Annotator "TA"]
[PlyCount "58"]
[EventDate "2020.01.26"]
[EventType "swiss"]
[EventCountry "TUR"]
[SourceTitle "playchess.com"]
[Source "ChessBase"]
[SourceQuality "1"]

1. e4 e5 2. Nf3 Nc6 3. Bc4 Bc5 4. c3 Nf6 5. d3 d6 6. Bb3 O-O 7. h3 a6 8. O-O h6 9. Be3 Bxe3 10. fxe3 d5 11. exd5 Nxd5 12. Qe1 Be6 13. Nbd2 Re8 14. Ne4 Qe7 15. d4 Nxe3 16. Bxe6 Nxf1 17. Bc4 exd4 18. Qxf1 Qxe4 19. Bxf7+ Kh7 20. Re1 Qc2 21. Bxe8 dxc3 22. Nh4 Rxe8 23. Rxe8 cxb2 24. Re1 Nd4 25. Kh2 Ne2 26. Rb1 Nc3 27. Rxb2 Qxb2 28. Qf5+ Kg8 29. Qe6+ Kh7 1/2-1/2

[Event "Turkey Cup 2020"]
[Site "Antalya-Belek"]
[Date "2020.01.27"]
[Round "2.28"]
[White "Ersahin, Bulent"]
[Black "Ozcan, Ilker"]
[Result "1-0"]
[WhiteElo "2121"]
[BlackElo "1858"]
[Annotator "TA"]
[PlyCount "57"]
[EventDate "2020.01.26"]
[EventType "swiss"]
[EventCountry "TUR"]
[SourceTitle "playchess.com"]
[Source "ChessBase"]
[SourceQuality "1"]

1. e4 c5 2. Nf3 e6 3. d4 cxd4 4. Nxd4 a6 5. Bd3 Qc7 6. O-O Nf6 7. Qe2 d6 8. c4 Be7 9. Nc3 O-O 10. Kh1 Nbd7 11. f4 Re8 12. Bd2 Bf8 13. Rae1 Nc5 14. Bb1 e5 15. fxe5 Rxe5 16. Bf4 Re8 17. Bg5 Ncd7 18. Qf2 Kh8 19. Nd5 Qd8 20. Qh4 Re5 21. Nf3 Rxd5 22. exd5 h6 23. Bxf6 Nxf6 24. Ng5 Kg8 25. Nh7 Be7 26. Nxf6+ Bxf6 27. Rxf6 gxf6 28. Qxh6 f5 29. Re3 1-0

[Event "Turkey Cup 2020"]
[Site "Antalya-Belek"]
[Date "2020.01.27"]
[Round "2.29"]
[White "Sat, Eray"]
[Black "Can, Melih Kaan"]
[Result "0-1"]
[WhiteElo "1781"]
[BlackElo "2138"]
[Annotator "TA"]
[PlyCount "75"]
[EventDate "2020.01.26"]
[EventType "swiss"]
[EventCountry "TUR"]
[SourceTitle "playchess.com"]
[Source "ChessBase"]
[SourceQuality "1"]

1. e4 c5 2. Nf3 Nc6 3. d4 cxd4 4. Nxd4 e5 5. Nb5 d6 6. N1c3 a6 7. Na3 b5 8. Nd5 Nge7 9. c4 Nd4 10. Be3 Nxd5 11. cxd5 Be7 12. Bd3 O-O 13. O-O f5 14. exf5 Nxf5 15. Nc2 Nxe3 16. Nxe3 Bg5 17. a4 Bd7 18. axb5 axb5 19. Rxa8 Qxa8 20. Qh5 Bh6 21. g4 Rf3 22. Be4 Rf4 23. Bf5 Bxf5 24. Nxf5 Qf8 25. Ra1 Ra4 26. Rxa4 bxa4 27. Nxh6+ gxh6 28. g5 hxg5 29. Qxg5+ Qg7 30. Qg3 Kf7 31. Kg2 Qxg3+ 32. Kxg3 Kg6 33. Kg4 h5+ 34. Kh4 Kh6 35. f3 Kg6 36. h3 Kh6 37. Kg3 Kg5 38. Kf2 0-1

[Event "Turkey Cup 2020"]
[Site "Antalya-Belek"]
[Date "2020.01.27"]
[Round "2.30"]
[White "Gallevci, Yagiz"]
[Black "Zekeriyaoglu, Ersen"]
[Result "1-0"]
[WhiteElo "2186"]
[BlackElo "1799"]
[Annotator "TA"]
[PlyCount "79"]
[EventDate "2020.01.26"]
[EventType "swiss"]
[EventCountry "TUR"]
[SourceTitle "playchess.com"]
[Source "ChessBase"]
[SourceQuality "1"]

1. e4 e5 2. Nf3 Nf6 3. Nxe5 d6 4. Nf3 Nxe4 5. d3 Nf6 6. d4 Be7 7. Bd3 Bg4 8. O-O O-O 9. Re1 Re8 10. Nbd2 Nc6 11. c3 d5 12. Qb3 a6 13. Ne5 Bd6 14. Ndf3 Bxf3 15. Nxf3 Rxe1+ 16. Nxe1 Bxh2+ 17. Kxh2 Ng4+ 18. Kg3 h5 19. f3 Qe7 20. Nc2 Nce5 21. dxe5 Nxe5 22. Qb4 h4+ 23. Qxh4 Qxh4+ 24. Kxh4 Nxd3 25. Be3 Rd8 26. b3 c5 27. Rd1 c4 28. f4 Re8 29. Kg3 b5 30. Kf3 g6 31. Ne1 Nxe1+ 32. Rxe1 f5 33. bxc4 dxc4 34. Rd1 Re6 35. Bd4 Re4 36. Be5 g5 37. g3 g4+ 38. Kf2 a5 39. a3 Kf7 40. Rb1 1-0

[Event "Turkey Cup 2020"]
[Site "Antalya-Belek"]
[Date "2020.01.27"]
[Round "2.31"]
[White "Basara, Arda"]
[Black "Bacak, Muhammed Kaan"]
[Result "0-1"]
[WhiteElo "1768"]
[BlackElo "2158"]
[Annotator "TA"]
[PlyCount "124"]
[EventDate "2020.01.26"]
[EventType "swiss"]
[EventCountry "TUR"]
[SourceTitle "playchess.com"]
[Source "ChessBase"]
[SourceQuality "1"]

1. d4 Nf6 2. Nf3 g6 3. Nbd2 Bg7 4. e4 d6 5. Bd3 Nc6 6. O-O O-O 7. Re1 e5 8. c3 Nh5 9. Nb3 a5 10. a4 h6 11. Be3 Kh7 12. dxe5 dxe5 13. Bc5 Re8 14. Bc4 Qf6 15. Nbd2 Nf4 16. Qb3 Kg8 17. Rad1 b6 18. Ba3 Bg4 19. Re3 Rad8 20. Bb5 Bf8 21. Bxf8 Kxf8 22. Nc4 Rxd1+ 23. Qxd1 Rd8 24. Qc2 Be6 25. Nxb6 cxb6 26. Bxc6 Bh3 27. gxh3 Nxh3+ 28. Kf1 Qxc6 29. Nxe5 Qe6 30. Nd3 Ng5 31. Qe2 Qd6 32. f4 Nxe4 33. Rxe4 Qxd3 34. Re8+ Kg7 35. Qxd3 Rxd3 36. Rb8 Rf3+ 37. Ke2 Rxf4 38. Rxb6 Rxa4 39. Kd3 Rh4 40. c4 Rh3+ 41. Kd4 Rxh2 42. c5 Rc2 43. Kd5 h5 44. c6 h4 45. Rb3 a4 46. Rh3 g5 47. Kd6 Rxb2 48. Rc3 a3 49. c7 a2 50. Ra3 Rd2+ 51. Ke7 Rc2 52. Kd7 h3 53. Rxa2 Rc4 54. c8=Q Rxc8 55. Kxc8 g4 56. Rh2 Kf6 57. Kd7 Kg5 58. Kd6 Kh4 59. Ke5 g3 60. Rd2 g2 61. Rd8 g1=Q 62. Rh8+ Kg3 0-1

[Event "Turkey Cup 2020"]
[Site "Antalya-Belek"]
[Date "2020.01.27"]
[Round "2.32"]
[White "Baylav, Can"]
[Black "Iren, Muhammet Kaan"]
[Result "0-1"]
[WhiteElo "2176"]
[BlackElo "1698"]
[Annotator "TA"]
[PlyCount "112"]
[EventDate "2020.01.26"]
[EventType "swiss"]
[EventCountry "TUR"]
[SourceTitle "playchess.com"]
[Source "ChessBase"]
[SourceQuality "1"]

1. e4 c5 2. Nf3 Nc6 3. d4 cxd4 4. Nxd4 Nf6 5. Nc3 e5 6. Ndb5 d6 7. Nd5 Nxd5 8. exd5 Nb8 9. a4 Be7 10. Be2 O-O 11. O-O f5 12. f4 a6 13. Na3 Nd7 14. Nc4 e4 15. a5 b5 16. axb6 Nxb6 17. Na5 Bf6 18. Be3 Bxb2 19. Qb1 Bxa1 20. Nc6 Qf6 21. Qxa1 Qxa1 22. Rxa1 Nd7 23. Ne7+ Kh8 24. g4 Nc5 25. Bxc5 dxc5 26. Ra5 Re8 27. d6 Rd8 28. Rxc5 a5 29. Bc4 Bd7 30. Bd5 Ra6 31. Bc6 Bxc6 32. Nxc6 Rxd6 33. Ne5 Rd1+ 34. Kf2 Ra8 35. Nc4 Ra1 36. gxf5 h6 37. Nb6 Rb8 38. Nc4 Ra8 39. Nb6 Rb8 40. Nc4 a4 41. Ra5 Rc8 42. Nd6 Rxc2+ 43. Ke3 Rc7 44. Ra8+ Kh7 45. f6 gxf6 46. Kxe4 Rd7 47. Ne8 Kg6 48. f5+ Kf7 49. Kf4 Re1 50. Nxf6 Kxf6 51. Ra6+ Kg7 52. Rxa4 Rf1+ 53. Kg4 Rfd1 54. Ra6 Rf7 55. Ra5 Rd4+ 56. Kg3 Rb7 0-1

[Event "Turkey Cup 2020"]
[Site "Antalya-Belek"]
[Date "2020.01.27"]
[Round "2.33"]
[White "Aslanhan, Halis"]
[Black "Kara, Yanki"]
[Result "1/2-1/2"]
[WhiteElo "1774"]
[BlackElo "2175"]
[Annotator "TA"]
[PlyCount "97"]
[EventDate "2020.01.26"]
[EventType "swiss"]
[EventCountry "TUR"]
[SourceTitle "playchess.com"]
[Source "ChessBase"]
[SourceQuality "1"]

1. e4 g6 2. d4 Bg7 3. Nc3 d6 4. Be3 a6 5. Qd2 b5 6. f3 Nd7 7. a4 b4 8. Nd1 a5 9. Bd3 c5 10. c3 bxc3 11. bxc3 Qc7 12. Ne2 Ngf6 13. Bh6 Bxh6 14. Qxh6 Ba6 15. Bxa6 Rxa6 16. O-O Rb6 17. d5 Ne5 18. Nf4 Rb3 19. Ne3 c4 20. Ng4 Qb6+ 21. Kh1 Nfxg4 22. fxg4 Kd7 23. Qh3 Rb2 24. Qg3 Rb8 25. Nh3 h6 26. Ng1 Qb3 27. h3 Kd8 28. Qe3 Qc2 29. Qg3 R8b3 30. Rac1 Qd3 31. Nf3 f6 32. Rfd1 Rxc3 33. Rxd3 Rxc1+ 34. Kh2 cxd3 35. Nxe5 d2 36. Nf7+ Kd7 37. Qf2 Rh1+ 38. Kg3 Rb3+ 39. Kh4 d1=Q 40. Qa7+ Kc8 41. Qa8+ Kc7 42. Qd8+ Kb7 43. Qd7+ Kb6 44. Qc6+ Ka7 45. Qc7+ Ka8 46. Qc8+ Ka7 47. Qc7+ Ka8 48. Qc8+ Ka7 49. Qc7+ 1/2-1/2

[Event "Turkey Cup 2020"]
[Site "Antalya-Belek"]
[Date "2020.01.27"]
[Round "2.34"]
[White "Korkmaz, Necmettin"]
[Black "Benk, Tolga Tugay"]
[Result "1/2-1/2"]
[WhiteElo "2157"]
[BlackElo "1821"]
[Annotator "TA"]
[PlyCount "59"]
[EventDate "2020.01.26"]
[EventType "swiss"]
[EventCountry "TUR"]
[SourceTitle "playchess.com"]
[Source "ChessBase"]
[SourceQuality "1"]

1. e4 d6 2. d4 Nf6 3. Nc3 e5 4. Nf3 Nbd7 5. Bc4 Be7 6. O-O O-O 7. Re1 c6 8. a4 h6 9. h3 Qc7 10. dxe5 dxe5 11. Nh4 Nc5 12. Qf3 Be6 13. Bf1 a5 14. Be3 Rfd8 15. Nf5 Bxf5 16. Qxf5 Ne6 17. Ne2 g6 18. Qf3 Ng5 19. Bxg5 hxg5 20. Nc1 Kg7 21. Bc4 Rf8 22. Nd3 Nd7 23. Rad1 Rad8 24. Re2 Nc5 25. Ra1 Rd4 26. Nxc5 Bxc5 27. Bd3 Rfd8 28. Qg3 Qe7 29. b3 Qf6 30. Re3 1/2-1/2

[Event "Turkey Cup 2020"]
[Site "Antalya-Belek"]
[Date "2020.01.27"]
[Round "2.35"]
[White "Ekici, Kaan Muhammed"]
[Black "Pektas, Yigit"]
[Result "0-1"]
[WhiteElo "1738"]
[BlackElo "2155"]
[Annotator "TA"]
[PlyCount "92"]
[EventDate "2020.01.26"]
[EventType "swiss"]
[EventCountry "TUR"]
[SourceTitle "playchess.com"]
[Source "ChessBase"]
[SourceQuality "1"]

1. e4 Nf6 2. e5 Nd5 3. d4 d6 4. Nf3 dxe5 5. Nxe5 c6 6. Be2 Bf5 7. O-O Nd7 8. Nf3 e6 9. c4 N5f6 10. Nh4 Bxb1 11. Rxb1 Bd6 12. g3 O-O 13. Bf3 Re8 14. Bg5 h6 15. Be3 e5 16. Nf5 Bf8 17. d5 cxd5 18. cxd5 e4 19. Be2 Re5 20. g4 Rxd5 21. Qb3 Ne5 22. Rfd1 Qd7 23. Rxd5 Qxd5 24. Qxd5 Nxd5 25. Rd1 Nxe3 26. Nxe3 Rc8 27. Rd4 Nf3+ 28. Bxf3 exf3 29. h3 Rc1+ 30. Rd1 Rc6 31. Kf1 g6 32. Rb1 Kg7 33. a3 Be7 34. Ke1 Bg5 35. Kd2 Kf6 36. Kd3 Rd6+ 37. Ke4 Bxe3 38. Kxe3 Kg5 39. Rc1 Rb6 40. b4 Ra6 41. Rc3 Kh4 42. Kxf3 Kxh3 43. Rc7 Rxa3+ 44. Kf4 g5+ 45. Ke4 Kxg4 46. Rxf7 h5 0-1

[Event "Turkey Cup 2020"]
[Site "Antalya-Belek"]
[Date "2020.01.27"]
[Round "2.36"]
[White "Guven, Oguz Kagan"]
[Black "Gur, Tuba"]
[Result "1-0"]
[WhiteElo "2143"]
[BlackElo "1782"]
[Annotator "TA"]
[PlyCount "134"]
[EventDate "2020.01.26"]
[EventType "swiss"]
[EventCountry "TUR"]
[SourceTitle "playchess.com"]
[Source "ChessBase"]
[SourceQuality "1"]

1. Nf3 d5 2. c4 e6 3. g3 Nf6 4. Bg2 Be7 5. b3 c5 6. Bb2 Nc6 7. cxd5 exd5 8. d4 O-O 9. dxc5 Bxc5 10. O-O Ne4 11. Nc3 Be6 12. Rc1 Be7 13. e3 Qa5 14. Qe2 Bf6 15. Na4 Bxb2 16. Qxb2 Nb4 17. Ne5 Rac8 18. a3 Na6 19. Qd4 Qd2 20. Bxe4 Qxd4 21. Bxh7+ Kxh7 22. exd4 Nc7 23. Nc3 Rfd8 24. f4 f6 25. Nf3 Ne8 26. Rfe1 Bg4 27. Kg2 Rc6 28. Ne2 Re6 29. h3 Bxf3+ 30. Kxf3 Nd6 31. Nc3 Rxe1 32. Rxe1 Nf5 33. Rd1 Kg8 34. g4 Ne7 35. Ke3 Kf7 36. Kd3 Ng6 37. Rf1 Rh8 38. Nxd5 Rxh3+ 39. Kc4 b5+ 40. Kb4 a5+ 41. Kxa5 Rxb3 42. f5 Ne7 43. Nxe7 Kxe7 44. Re1+ Kd7 45. Re4 Rxa3+ 46. Kxb5 Rb3+ 47. Kc5 Rc3+ 48. Kd5 Rg3 49. Rf4 Re3 50. g5 fxg5 51. Rg4 Re7 52. Rxg5 Rf7 53. Ke5 Re7+ 54. Kf4 Kd6 55. Kg4 Re4+ 56. Kh5 Rxd4 57. Kg6 Rf4 58. Kxg7 Ke7 59. Kg6 Rf1 60. Rg3 Rf2 61. Re3+ Kf8 62. Ra3 Ke7 63. Ra7+ Ke8 64. Kf6 Rb2 65. Ra8+ Kd7 66. Kf7 Rg2 67. Ra1 Re2 1-0